000 00545nam a22002057a 4500
999 _c2050
_d2050
003 OSt
005 20220805110507.0
008 150615b xxu||||| |||| 00| 0 eng d
020 _a0030102928
040 _c04
082 _a332.1 KOC 1995
100 _aKoch Timothy W.
_95314
245 _aBank Management
250 _a3rd ed
260 _aPhiladelphia:
_bThe Dryden Presss
_c1995
300 _axx, 947 p :
_bill;
_c27 cm.
504 _aIncludes Bibliographical References and index.
650 _aBank Management
_95315
942 _2z
_cSLOAN